000
00265nam a2200121Ia 4500
008
190216s9999||||xx |||||||||||||| ||und||
100
_a
Suzee Vik
245
4
_a
The Sat For Dummies
260
_b
Pustakmahal
_c
1994
300
_a
332p
650
_a
Sat
942
_c
REF
999
_c
36448
_d
36448